La ruta de los oráculos: un viaje por el Perú místico (Registro nro. 268)

Detalles MARC
000 -Cabecera
Campo de control interno 00615nam a2200217Ia 4500
005 - Fecha y hora del registro
control field 20251205091655.0
008 - Elementos de Longitud Fija
fixed length control field 251203t2011||||xx |||||||||||||| ||spa||
020 ## - ISBN
ISBN 9786124582424
041 ## - Idioma
Codigo Idioma ESP
082 ## - DEWEY y NOTACIÓN INTERNA
Dewey 918.5
Notación Interna V66
100 ## - AUTOR
Autor denominación Villavicencio, Maritza
Títulos y otras palabras asociadas con el nombre AUT
245 #0 - TÍTULO DE MATERIAL BIBLIOGRÁFICO
Título La ruta de los oráculos: un viaje por el Perú místico
250 ## - EDICIÓN
Edición Primera edición
260 ## - CIUDAD, EDITORIAL, AÑO
Ciudad Lima :
Nombre de la Editorial Apus Graph Ediciones
Año 2011
300 ## - DESCRIPCIÓN
N° Páginas 207 páginas :
Otros detalles ilustraciones ;
Dimensiones 30 cm.
650 ## - TEMAS
Temas Geografía
653 ## - DESCRIPTORES
Lenguajes no controlado Geografía; Descripción viajes, Perú
654 ## - PROGRAMAS
Programa Todos los programas
942 ## - ELEMENTOS DE KOHA
Tipo de documento Libro
Nombre del creador Justo Noguera
Código de catalogador Mirtha Ponce
Esquema de clasificación Dewey Decimal Classification
Existencias
Codigo completo Registro Colección Copia número Disponibilidad Tipo de préstamo Biblioteca Actual Procedencia (Biblioteca) Ubicacón Fecha Ingreso Tipo de Adquisición Date last seen Total checkouts Price effective from Tipo de Item Estado del Material Fuente de Clasificación Damaged status Withdrawn status
918.5 V66 1085147 Colección Vera Bejar 1   Restringido Víctor Andrés Belaunde Víctor Andrés Belaunde Planta baja cerrada 03/12/2025 Donación 03/12/2025   03/12/2025 Libro Bueno Dewey Decimal Classification   Withdrawn